Los movimientos estudiantiles universitarios en América Latina.

Guardat en:
Dades bibliogràfiques
Autor principal: Solari, Aldo E. (autor)
Format: Llibre
Idioma:espanyol
Col·lecció:(Deslinde ; no. 13)
Matèries:
Etiquetes: Afegir etiqueta
Sense etiquetes, Sigues el primer a etiquetar aquest registre!

MARC

LEADER 00000cam^a2200000uu^4500
001 000486431
005 20250521000000.0
008 031809s1972^^^^^^^^^^^^rd^r^^000^0^spa^d
009 20260310125222.484
035 |a FCE 000029586 
035 |a FCE 030573 
037 |a Acervo ITESO - Biblioteca 
041 |a spa 
082 0 4 |a 378.008  |b DES 13/72 
100 |a Solari, Aldo E.  |e (autor) 
245 1 4 |a Los movimientos estudiantiles universitarios en América Latina. 
264 |a México :  |b UNAM, CESU,  |c 1972. 
300 |a 36 p. 
336 |a texto  |b txt  |2 rdacontenido 
337 |a sin mediación  |b n  |2 rdamedio 
338 |a volumen  |b nc  |2 rdasoporte 
440 0 |a (Deslinde ;  |v no. 13) 
649 |a XX 
650 |a Educación superior 
650 |a Universidad 
650 |a Movimiento estudiantil 
650 |a Organizaciones estudiantiles 
650 |a América Latina 
910 |a Fondo Centro de Estudios Educativos 
920 |a Impresos - Libros 
930 |a Fondos Especiales 
905 |a 133 
901 |a ALE030573  |b IT2  |c CEE  |u 20250521 
901 |a ALE040679  |b IT2  |c CEE  |u 20250521 
901 |a ALE040680  |b IT2  |c CEE  |u 20250521 
902 |a https://opac.biblio.iteso.mx/vufind/Record/000486431